Normal view
MARC view
- Wine,Traut
Entry Personal Name
001 - CONTROL NUMBER
- control field: 47317
003 - CONTROL NUMBER IDENTIFIER
- control field: NUST
005 - DATE AND TIME OF LATEST TRANSACTION
- control field: 20210314133805.0
008 - FIXED-LENGTH DATA ELEMENTS
- fixed length control field: 210314|| aca||aabn | a|a d
040 ## - CATALOGING SOURCE
- Original cataloging agency: NUST
- Transcribing agency: NUST
100 ## - HEADING--PERSONAL NAME
- Personal name: Wine,Traut
670 ## - SOURCE DATA FOUND
- Source citation: Work cat.: (NUST): Wine,Traut., Civil engineering reference book., 1951 [i.e. 1952]
